| 000 | 00604nam a22002057a 4500 | ||
|---|---|---|---|
| 003 | 0 | ||
| 005 | 20230907125247.0 | ||
| 008 | 230907b xxu||||| |||| 00| 0 eng d | ||
| 020 | _a978-1-119-89167-3 | ||
| 050 |
_aBF 698 _b.C47 2023 |
||
| 100 | _aCervone, Daniel | ||
| 245 |
_aPersonality : theory and research _cDaniel Cervone |
||
| 250 | _aFifteenth edition | ||
| 260 |
_aHoboken, NJ _bJohn Wiley & Sons, Inc. _cc2022. |
||
| 300 |
_axv, 467 pages ; _c26cm. |
||
| 500 | _aPersonality. | ||
| 504 | _aIncludes bibliographical references and index. | ||
| 650 | _aPersonality. | ||
| 942 |
_2lcc _cBK |
||
| 999 |
_c365261 _d365261 |
||